Sociálny podnik v obci Spišský Hrhov (prípadová štúdia) bakalárska práca

Guardado en:
Detalles Bibliográficos
Autor principal: Hradská, Veronika
Autor Corporativo: Národohospodárska fakulta EU. Katedra verejnej správy a regionálneho rozvoja
Otros Autores: Jacko, Tomáš, 1987-
Formato: Libro
Lenguaje:eslovaco
Publicado: Bratislava 2018
Etiquetas: Agregar Etiqueta
Sin Etiquetas, Sea el primero en etiquetar este registro!

MARC

LEADER 00000nbm a2200000 4500
001 0245990
005 20181213130920.9
041 0 |a slo 
044 |a SK 
245 1 0 |a Sociálny podnik v obci Spišský Hrhov (prípadová štúdia)  |b bakalárska práca  |c Veronika Hradská ; školiteľ: Tomáš Jacko 
264 1 |a Bratislava  |c 2018 
300 |a 46 s. 
100 1 |a Hradská, Veronika 
700 1 |a Jacko, Tomáš, 1987- 
710 2 |a Národohospodárska fakulta EU. Katedra verejnej správy a regionálneho rozvoja